[Event "TUR-chT 2nd League"]
[Site "Konya"]
[Date "2019.07.23"]
[Round "3.15"]
[White "Odunkiran, Furkan"]
[Black "Akgul, Emre Ramazan"]
[Result "1-0"]
[WhiteElo "1445"]
[BlackElo "1632"]
[PlyCount "47"]
[EventDate "2019.07.22"]
[EventType "team-swiss"]
[EventRounds "9"]
[EventCountry "TUR"]
[SourceTitle "CBM 191 Extra"]
[Source "ChessBase"]
[SourceDate "2019.09.30"]
[SourceVersion "1"]
[SourceVersionDate "2019.09.30"]
[SourceQuality "1"]
[WhiteTeam "Maras Spor Kulubu"]
[BlackTeam "Seviye Dernegi"]
[WhiteTeamCountry "TUR"]
[BlackTeamCountry "TUR"]

1. c4 d6 2. Nf3 g6 3. g3 Bg7 4. Bg2 f5 5. d4 Nf6 6. Nc3 c6 7. 0-0 0-0 8. Re1 Nbd7 9. e4 fxe4 10. Nxe4 Nxe4 11. Rxe4 e5 12. Be3 d5 13. cxd5 cxd5 14. Qb3 exd4 15. Qxd5+ Kh8 16. Bxd4 Nf6 17. Qxd8 Rxd8 18. Re7 Bd7 19. Ng5 Be8 20. Bxb7 Rab8 21. Bxa7 Rxb7 22. Rxb7 Bh6 23. Nf7+ Bxf7 24. Rxf7 1-0